Logo Tiles - Statistics

General Stats
  • This quiz has been taken 42 times
  • The average score is 48 of 63
Answer Stats
Question Tile Select % Correct
Gas Station Logos No
96%
Gas Station Logos No
96%
Gas Station Logos No
96%
Gas Station Logos Yes
92%
Logos that are Building Games No
88%
Logos that are Building Games Yes
88%
Logos that are Building Games No
88%
TV Channel Logos No
88%
TV Channel Logos No
88%
TV Channel Logos No
88%
TV Channel Logos Yes
88%
TV Channel Logos Yes
88%
TV Channel Logos No
88%
Gas Station Logos No
85%
Logos that sell Matchsticks No
85%
Logos that sell Matchsticks No
85%
Pizzeria Logos No
85%
Pizzeria Logos No
85%
Pizzeria Logos Yes
85%
Pizzeria Logos No
85%
Pizzeria Logos No
85%
Logos that are Building Games No
85%
TV Channel Logos Yes
85%
TV Channel Logos No
85%
Gas Station Logos No
81%
Logos that sell Matchsticks No
81%
Credit Union Logos No
81%
Credit Union Logos No
81%
Logos that are Building Games Yes
81%
Insurance Logos No
81%
Insurance Logos No
81%
Insurance Logos No
81%
Insurance Logos No
81%
Gas Station Logos Yes
77%
Logos that sell Matchsticks No
77%
Logos that sell Matchsticks No
77%
Pizzeria Logos No
77%
Credit Union Logos No
77%
Logos that are Building Games No
77%
Logos that sell Matchsticks Yes
73%
Pizzeria Logos Yes
73%
Credit Union Logos No
73%
Insurance Logos Yes
73%
Gas Station Logos Yes
69%
Logos that sell Matchsticks No
69%
Pizzeria Logos Yes
69%
Credit Union Logos Yes
69%
Insurance Logos Yes
69%
TV Channel Logos Yes
69%
Credit Union Logos Yes
65%
Credit Union Logos No
65%
Insurance Logos Yes
65%
Insurance Logos Yes
65%
Gas Station Logos Yes
62%
Insurance Logos No
58%
Credit Union Logos Yes
54%
Logos that are Building Games Yes
54%
Logos that are Building Games No
54%
Credit Union Logos Yes
50%
Logos that are Building Games Yes
50%
Logos that sell Matchsticks Yes
46%
Logos that sell Matchsticks Yes
46%
Pizzeria Logos Yes
31%
No matching quizzes found
Score Distribution
Percent of People with Each Score
Percentile by Number Answered
Your Score History
You have not taken this quiz